00381nam a2200145Ia 4500008004100000020001800041041000800059082001600067100001700083245004300100250000600143260006100149300001100210650001400221210716s2010 xx 000 0 und d a9780070145047 aeng a658.78 RAYR aRay, Rajesh. aSupply chain management for retailing. a1 aNew DelhibTata McGraw Hill Publishing Company Ltdc2010 axi,431 aRetailing